| 000 | 00813nam a22002177a 4500 | ||
|---|---|---|---|
| 001 | 44609 | ||
| 003 | BD-RjUL | ||
| 005 | 20211209053905.0 | ||
| 008 | 160718s1982 bg ||||| |||| 00| 0 ben d | ||
| 035 | _a(BD-RjUL)44727 | ||
| 040 |
_aBD-RjUL _bben _cBD-RjUL |
||
| 041 | _aben | ||
| 082 |
_223 _a297 _bMUB 1982 |
||
| 100 |
_aমোখতার, সৈয়দ আনসার মোহাম্মদ _9136842 |
||
| 245 | 1 | 0 |
_aব্যভিচারের পরিণাম / _cসৈয়দ আনসার মোহাম্মদ মোখতার |
| 260 |
_aঢাকা : _bইসলামিক ফাউন্ডেশন, _c১৯৮২ |
||
| 300 |
_a[১৮], ৫৫ পৃ. ; _c২১ সেমি. |
||
| 650 |
_aইসলাম _9136843 |
||
| 650 |
_aIslam _9136844 |
||
| 942 |
_2ddc _cBK |
||
| 999 |
_c44609 _d44609 |
||